| 000 | | | 05385cbm0a2200325#x 450 |
| 001 | | | abdf7316-c467-4477-9bb9-7af0bb2dfd7c |
| 005 | | | 20240528094808.0 |
| 100 | ## | $a | 20240516j194309##k###0rusy50 ca |
| 101 | 0# | $a | rus |
| 102 | ## | $a | RU |
| 105 | ## | $a | y###z######## |
| 122 | 2# | $a | d19430904## |
| | $a | d19430905## |
| 200 | 1# | $a | Спецсообщение Управления войск НКВД охраны тыла Ленинградского фронта командирам частей войск НКВД охраны тыла Ленинградского фронта о необходимости оказания полного содействия местным органам государственной власти и органам военной прокуратуры в установлении и расследовании злодеяний немецко-фашистских захватчиков и их сообщников |
| | $j | 4/5 сентября 1943 г. |
| 251 | ## | $c | Документ |
| 300 | ## | $a | Подлинник |
| 461 | #0 | $1 | 2001 |
| | $a | Ф. 255 |
| | $1 | 251 |
| | $c | Фонд |
| | $1 | 852 |
| | $j | 255 |
| 462 | #0 | $1 | 2001 |
| | $a | Оп. 12 |
| | $1 | 251 |
| | $c | Опись |
| | $1 | 852 |
| | $j | 12 |
| 462 | #0 | $1 | 2001 |
| | $a | Д. 248 |
| | $v | Л. 168-168об. |
| | $1 | 251 |
| | $c | Дело |
| | $1 | 852 |
| | $j | 248 |
| 601 | 01 | $2 | nlr_sh |
| | $3 | RU\NLR\AUTH\661383067 |
| | $a | СССР |
| | $b | Народный комиссариат внутренних дел |
| | $x | История |
| | $z | 1941 - 1945 |
| | $j | Документы и материалы |
| 601 | 02 | $2 | nlr_sh |
| | $3 | RU\NLR\AUTH\661532602 |
| | $a | Ленинградский фронт |
| | $c | 1941 - 1945 |
| | $j | Документы и материалы |
| 605 | ## | $2 | prlib_sh |
| | $3 | LIBNET\UAF\0000088514 |
| | $a | Вторая мировая война в архивных документах (Комплекс оцифрованных архивных документов, кино- и фотоматериалов) |
| | $l | коллекция |
| 606 | 1# | $2 | nlr_sh |
| | $3 | RU\NLR\AUTH\66189080 |
| | $a | Великая Отечественная война |
| | $z | 1941 - 1945 |
| | $x | Зверства немецко-фашистских захватчиков |
| | $y | Ленинградская область |
| | $j | Документы и материалы |
| 617 | ## | $c | Ленинградская область |
| | $2 | prlib_sh |
| 686 | ## | $a | 63.3(2Рос-4Лен)622,6ю1 |
| | $v | LBC/M |
| | $2 | rubbk |
| 686 | ## | $a | 67.401.133ю1 |
| | $v | LBC/M |
| | $2 | rubbk |
| 801 | #0 | $a | RU |
| | $b | ПБ им. Б.Н. Ельцина |
| | $c | 20240516 |
| 801 | #1 | $a | RU |
| | $b | ПБ им. Б.Н. Ельцина |
| | $c | 20240516 |
| | $2 | rusmarc |
| 801 | #2 | $a | RU |
| | $b | ПБ им. Б.Н. Ельцина |
| | $c | 20240528 |
| | $2 | rusmarc |
| 850 | ## | $a | Центральный пограничный архив Федеральной службы безопасности России |
| 852 | ## | $a | ЦПА ФСБ России |
| | $j | Л. 168-168об. |
| 035 | ## | $a | LIBNET\0001399856 |
| 937 | ## | $d | 192154665 |
| | $h | Федеральное архивное агентство |
| 856 | 4# | $u | http://readingroom.main.prlib.ru/item.aspx?id_node=n192154665&mode=full |